000 01334nam a2200397 i 4500
001 39676
003 KOSZ 005
005 20211105103629.0
008 990506s1984 pl a f f |000 0 pol
015 _aPB 1984/8387
020 _a8320600405
040 _aWA N
_cWA N
_dKOSZ 005/HR
041 0 _apol
080 _a629.33.07
080 _a(075.8)
100 1 _aHebda, Michał
_d(1929- )
_eAutor
245 1 0 _aPodstawy eksploatacji pojazdów samochodowych /
_cMichał Hebda, Tadeusz Mazur.
250 _aWyd. 2.
260 _aWarszawa :
_bWydawnictwa Komunikacji i Łączności,
_c1984.
300 _a370, [2] s. :
_brys., wykr. ;
_c25 cm.
380 _aKsiążki
380 _aPublikacje dydaktyczne
385 _mPoziom nauczania
_aSzkoły wyższe
388 _a1901-2000
388 _a1945-1989
490 1 _aEksploatacja : podręcznik akademicki.
650 4 _aSamochody
650 4 _aObsługa i eksploatacja
655 4 _aPodręczniki akademickie
658 _aInżynieria i technika
700 1 _aMazur, Tadeusz
_d(1943-1982)
_eAutor
710 2 _aWydawnictwa Komunikacji i Łączności
_4pbl.
830 0 _aEksploatacja
856 _uhttp://koha.tu.koszalin.pl/cgi-bin/koha/opac-detail.pl?biblionumber=39676
_yKatalog online BPK
942 _2UKD
_cKS
999 _c39676
_d39676